000 00659nam a2200229Ia 4500
003 OSt
005 20220928102112.0
006 a|||||r|||| 00| 0
007 ta
008 220927b |||||||| |||| 00| 0 eng d
024 _a52614
037 _cTextual
040 _aSDCL
_cSDCL
_beng
041 _2eng
_aeng
082 _aO155,2N38x, 152M7
100 _aDeshpandey Govind Purushottam
_9396607
245 0 _aUdohwasta dharmashala tatha anya natak.
260 _aNew Delhi
_bRaj Kamal Prakashan
_c1987
300 _a142p.
_ccm.
942 _hO155,2N38x, 152M7
_cTEXL
_2CC
999 _c712356
_d712356